| 000 | 00548nam a22001937a 4500 | ||
|---|---|---|---|
| 003 | 0 | ||
| 005 | 20240422103718.0 | ||
| 008 | 240422b xxu||||| |||| 00| 0 eng d | ||
| 020 | _a9781848863217 | ||
| 050 |
_aER _bFro927 2018 |
||
| 082 |
_aER _bFro927 2018 |
||
| 100 | _aPindar, Heather | ||
| 245 |
_aFroggy day _c Heather Pindar |
||
| 260 |
_aWest Sussex _bMaverick Arts Publications, Ltd. _c2018 |
||
| 300 |
_aunpaged : _bcolored illustrations ; _c27cm. |
||
| 650 | _aFrog--Picture Books. | ||
| 650 | _aChildren's Book. | ||
| 942 |
_2ddc _cBK |
||
| 999 |
_c365952 _d365952 |
||